| 000 | 00918akm a2200337a 44500 | ||
|---|---|---|---|
| 008 | 960109s1992 cat | ||
| 041 | _acat | ||
| 080 | _a639.2.081.1(038) | ||
| 110 |
_aArenys de Mar. Ajuntament. Servei Municipal de Català _964863 |
||
| 245 | _aL'art de bou | ||
| 245 | _cArenys de Mar. Ajuntament. Servei Municipal de Català. | ||
| 245 | _h[cartell] | ||
| 260 | _a[Barcelona] | ||
| 260 | _bGeneralitat de Catalunya. Departament de Cultura | ||
| 260 | _c1992 | ||
| 300 | _bil. | ||
| 490 |
_aBarques i Arts de Pesca; _v1 |
||
| 500 | _btermcat | ||
| 520 | _a42 | ||
| 591 | _a3561 | ||
| 592 | _aObra terminològica | ||
| 593 | _aFP | ||
| 594 | _a3561 | ||
| 650 |
_apesca _960725 |
||
| 830 |
_aBarques i Arts de Pesca; _v1 _964864 |
||
| 901 | _c[<1992>] | ||
| 902 | _a960109 | ||
| 942 |
_cMO _n0 |
||
| 999 |
_c54018 _d54018 |
||